000 01378cam a2200337 a 4500
001 3064517
003 Nust
005 20220929120357.0
008 961001s1996 nyua 000 1 eng
010 _a 96203957
020 _a9780140186215
040 _aDLC
_cDLC
_dDLC
041 1 _aeng
_hger
050 0 0 _aPT2621.A26
_bA2313 1996
082 0 0 _a833.912
_bKAF
100 1 _aKafka, Franz,
_d1883-1924.
_97186
240 1 0 _aAmerika.
_lEnglish
245 1 0 _aA Man Who Disappeared (Amerika) /
_cFranz Kafka ; foreword by E.L. Doctorow ; preface by Klaus Mann ; afterword by Max Brod ; translated by Willa and Edwin Muir ; illustrations by Emlen Etting.
260 _aNew York :
_bSchocken Books,
_c1996.
300 _axxxii, 216 p. :
_c21 cm.
650 _aUnited States
_xFiction
_999058
655 7 _aHumorous stories.
_2gsafd
_911259
700 1 _aMuir, Willa,
_d1890-1970.
_999059
700 1 _aMuir, Edwin,
_d1887-1959.
_999060
700 1 _aEtting, Emlen,
_d1905-1993.
_999061
856 4 2 _3Contributor biographical information
_uhttp://www.loc.gov/catdir/enhancements/fy1302/96203957-b.html
856 4 2 _3Publisher description
_uhttp://www.loc.gov/catdir/enhancements/fy1302/96203957-d.html
906 _a7
_brip
_corignew
_d2
_encip
_f19
_gy-gencatlg
942 _2ddc
_cBK
999 _c233029
_d233029